Statistics for Car Manufacturer by Founder

Click here to take the quiz!

General Stats

  • This quiz has been taken 340 times
  • The average score is 14 of 24

Answer Stats

Founder(s)Country of OriginCar Manufacturer% Correct
Henry ____United StatesFord
100%
Kiichiro ______JapanToyota
90%
Enzo _______ItalyFerrari
87%
Karl Benz; Gottlieb Daimler; Wilhelm MaybachGermanyMercedes-Benz
85%
Giovanni AgnelliItalyFiat
79%
Soichiro _____; Takeo FujisawaJapanHonda
75%
Chung Ju-yungSouth KoreaHyundai
71%
Ferdinand _______GermanyPorsche
69%
Franz J. Popp; Karl Rapp; Camillo CastiglioniGermanyBMW
67%
Alexandre Darracq; Ugo Stella; Nicola RomeoItalyAlfa Romeo
63%
Louis _______; Marcel _______; Fernand _______FranceRenault
62%
André _______FranceCitroën
58%
Armand _______FrancePeugeot
56%
Ferrucio ___________ItalyLamborghini
54%
Walter P. ________United StatesChrysler
53%
Masujiro Hashimoto; Kenjiro Den; Rokuro Aoyama; Meitaro TakeuchiJapanNissan
52%
Louis _________; William DurantUnited StatesChevrolet
49%
August HorchGermanyAudi
48%
Iwasaki YataroJapanMitsubishi
47%
Lionel Martin; Robert BamfordUnited KingdomAston Martin
44%
Jujiro MatsudaJapanMazda
37%
Sir William LyonsUnited KingdomJaguar
31%
Kenji KitaJapanSubaru
28%
Ettore _______FranceBugatti
26%

Score Distribution

Percentile by Number Answered

Percent of People with Each Score

Your Score History

You have not taken this quiz